When the chips are down (Record no. 74778)
[ view plain ]
| 000 -LEADER | |
|---|---|
| fixed length control field | 01166cab a2200217 4500 |
| 001 - CONTROL NUMBER | |
| control field | X128670 |
| 008 - FIXED-LENGTH DATA ELEMENTS--GENERAL INFORMATION | |
| fixed length control field | 050128n2005 000 0 eng u |
| 035 ## - SYSTEM CONTROL NUMBER | |
| System control number | (Sirsi) u128670 |
| 100 ## - MAIN ENTRY--PERSONAL NAME | |
| Personal name | Winter, J. |
| 245 ## - TITLE STATEMENT | |
| Title | When the chips are down |
| 260 ## - PUBLICATION, DISTRIBUTION, ETC. | |
| Date of publication, distribution, etc. | 2005 |
| 490 ## - SERIES STATEMENT | |
| Series statement | Construction News |
| Volume/sequential designation | 13 January 2005, 25(1) |
| 520 ## - SUMMARY, ETC. | |
| Summary, etc. | Examines the long running dispute between Skanska and Egger over the construction of a chipboard factory in Scotland. Argues that the events of this dispute can form the basis of effective advice about future conduct in disputes about contracts. For example, in this case, the contract was not effective for the situation as it was a hybrid one which did not provide any incentives for the contractor. Also the need for mediation had been highlighted as the case was allowed to continue for a long time with many small claims making it very long and expensive to administer. |
| 590 ## - LOCAL NOTE (RLIN) | |
| Local note | ABS |
| 650 ## - SUBJECT ADDED ENTRY--TOPICAL TERM | |
| Topical term or geographic name entry element | SKANSKA CONSTRUCTION UK LTD V EGGER (BARONY) LTD |
| 650 ## - SUBJECT ADDED ENTRY--TOPICAL TERM | |
| Topical term or geographic name entry element | EXPERT WITNESSES |
| 650 ## - SUBJECT ADDED ENTRY--TOPICAL TERM | |
| Topical term or geographic name entry element | DESIGN AND BUILD CONTRACTS |
| 650 ## - SUBJECT ADDED ENTRY--TOPICAL TERM | |
| Topical term or geographic name entry element | Insurance |
| 9 (RLIN) | 6249 |
| 690 ## - LOCAL SUBJECT ADDED ENTRY--TOPICAL TERM (OCLC, RLIN) | |
| Topical term or geographic name as entry element | BUILT ENVIRONMENT-BUILDING CONTRACT FORMS |
| 942 ## - ADDED ENTRY ELEMENTS (KOHA) | |
| Suppress in OPAC | 0 |
| Withdrawn status | Lost status | Source of classification or shelving scheme | Damaged status | Not for loan | Home library | Current library | Shelving location | Date acquired | Total Checkouts | Full call number | Barcode | Date last seen | Copy number | Price effective from | Koha item type |
|---|---|---|---|---|---|---|---|---|---|---|---|---|---|---|---|
| Dewey Decimal Classification | London | London | Journal article | 02/02/2005 | X128670 | 128670-1001 | 06/08/2019 | 1 | 06/08/2019 | Journal article |